Loading...
| Mythology | 0 | 5 | 0 | 1 | 50 | 58 | 76.00 | 2 | 4 | 16.86 | 32.50 |
| Science - Other | 0 | 5 | 0 | 1 | 50 | 71 | 77.20 | 0 | 5 | 17.10 | 30.00 |
| Religion | 0 | 3 | 0 | 1 | 30 | 86 | 104.33 | 0 | 3 | 2.69 | 15.00 |
| Fine Arts - Classical Music | 0 | 3 | 1 | 1 | 25 | 70 | 91.00 | 0 | 3 | 7.27 | 12.50 |
| Science - Biology | 0 | 2 | 0 | 2 | 20 | 68 | 77.50 | 0 | 2 | 4.40 | 10.00 |
| Science - Physics | 0 | 2 | 1 | 1 | 15 | 84 | 84.50 | 0 | 1 | 4.39 | 10.00 |
| Literature - World | 0 | 1 | 0 | 0 | 10 | 40 | 40.00 | 1 | 1 | 6.85 | 10.00 |
| History - World | 0 | 1 | 0 | 0 | 10 | 57 | 57.00 | 0 | 1 | 4.57 | 5.00 |
| Philosophy | 0 | 1 | 0 | 0 | 10 | 81 | 81.00 | 0 | 1 | 2.67 | 6.25 |
| Popular Culture | 0 | 1 | 0 | 0 | 10 | 97 | 97.00 | 0 | 0 | 1.97 | 4.17 |
| History - Other | 0 | 1 | 0 | 0 | 10 | 66 | 66.00 | 0 | 1 | 3.89 | 7.50 |
| Fine Arts - Painting and Sculpture | 0 | 1 | 0 | 0 | 10 | 99 | 99.00 | 0 | 1 | 1.95 | 5.00 |
| Literature - American | 0 | 1 | 0 | 0 | 10 | 92 | 92.00 | 0 | 1 | 2.52 | 5.00 |
| Social Science | 0 | 1 | 0 | 0 | 10 | 64 | 64.00 | 0 | 0 | 5.97 | 3.57 |
| Literature - European | 0 | 1 | 0 | 0 | 10 | 85 | 85.00 | 0 | 1 | 2.92 | 7.50 |